The Binding of Isaac: Repentance - Tarot Card Flavor Texts - Statistics

General Stats
  • This quiz has been taken 34 times
  • The average score is 10 of 44
Answer Stats
Card Flavor Text % Correct
V - The Hierophant Two prayers for the lost
77%
IV - The Emperor Challenge me!
53%
II - The High Priestess Mother is watching you
53%
II - The High Priestess? Run
53%
0 - The Fool Where journey begins
40%
I - The Magician May you never miss your goal
40%
V - The Hierophant? Two prayers for the forgotten
37%
XVI - The Tower Destruction brings creation
33%
XX - Judgement Judge lest ye be judged
30%
XIV - Temperance May you be pure in heart
30%
IV - The Emperor? May you find a worthy opponent
30%
XVIII - The Moon May you find all you have lost
27%
XVII - The Stars May you find what you desire
27%
XVI - The Tower? Creation brings destruction
23%
XII - The Hanged Man May you find enlightenment
23%
VIII - Justice May your future become balanced
23%
VI - The Lovers? May your heart shatter to pieces
23%
III - The Empress May your rage bring power
23%
X - Wheel of Fortune? Throw the dice of fate
23%
0 - The Fool? Let go and move on
20%
VII - The Chariot May nothing stand before you
20%
XIX - The Sun May the light heal and enlighten you
20%
XI - Strength May your power bring rage
20%
VI - The Lovers May you prosper and be in good health
17%
IX - The Hermit May you see what life has to offer
17%
XXI - The World Open your eyes and see
17%
XV - The Devil Revel in the power of darkness
17%
X - Wheel of fortune Spin the wheel of destiny
17%
I - The Magician? May no harm come to you
13%
VIII - Justice? May your sins come back to torment you
13%
XXI - The World? Step into the abyss
13%
XIII - Death Lay waste to all that oppose you
10%
XIII - Death? May life spring forth from the fallen
10%
VII - The Chariot? May nothing walk past you
10%
XI - Strength? May you break their resolve
10%
XII - The Hanged Man? May your greed know no bounds
10%
XVII - The Stars? May your loss bring fortune
10%
III - The Empress? May your love bring protection
10%
IX - The Hermit? May you see the value of all things in life
10%
XX - Judgement? May you redeem those found wanting
7%
XIV - Temperance? May your hunger be satiated
7%
XV - The Devil? Bask in the light of your mercy
3%
XIX - The Sun? May the darkness swallow all around you
3%
XVIII - The Moon? May you remember lost memories
3%
No matching quizzes found
Score Distribution
Percent of People with Each Score
Percentile by Number Answered
Your Score History
You have not taken this quiz